| 000 | 00840nam a22002057a 4500 | ||
|---|---|---|---|
| 999 |
_c60899 _d60899 |
||
| 005 | 20231115143859.0 | ||
| 008 | 231115s1997 bu ||||| |||| 00| 0 bul d | ||
| 020 | _a9548761246 | ||
| 041 | _abul | ||
| 080 | _a902:72 Д-44 | ||
| 100 |
_aДинчев, В. Н. _920397 |
||
| 245 |
_aРимските вили в днешната българска територия. / _cВенцислав Динчев. |
||
| 264 |
_aСофия : _bАгато, _c1997. |
||
| 300 |
_a164 с.: _bил.; _c24 см. |
||
| 440 |
_aАрхеология и архитектура _920398 |
||
| 653 | _aარქიტექტურა | ||
| 653 | _aბულგარეთი | ||
| 653 | _aრომაული ვილები დღევანდელ ბულგარეთის ტერიტორიაზე | ||
| 942 |
_2udc _cᲬᲘᲒᲜᲘ |
||